<?xml version="1.0" encoding="UTF-8"?>
<record
    xmlns:xsi="http://www.w3.org/2001/XMLSchema-instance"
    xsi:schemaLocation="http://www.loc.gov/MARC21/slim http://www.loc.gov/standards/marcxml/schema/MARC21slim.xsd"
    xmlns="http://www.loc.gov/MARC21/slim">

  <leader>01199nam a2200325 a 4500</leader>
  <datafield tag="999" ind1=" " ind2=" ">
    <subfield code="c">23978</subfield>
    <subfield code="d">23978</subfield>
  </datafield>
  <controlfield tag="001">vtls010587225</controlfield>
  <controlfield tag="005">20251024081627.0</controlfield>
  <controlfield tag="008">140403s2013    xr            000 0 czesd</controlfield>
  <datafield tag="020" ind1=" " ind2=" ">
    <subfield code="a">9788087335550 (bro&#x17E;.)</subfield>
  </datafield>
  <datafield tag="040" ind1=" " ind2=" ">
    <subfield code="a">SVKPO</subfield>
    <subfield code="b">slo</subfield>
    <subfield code="c">SVKPO</subfield>
    <subfield code="e">AACR2</subfield>
  </datafield>
  <datafield tag="041" ind1="1" ind2=" ">
    <subfield code="a">cze</subfield>
    <subfield code="h">eng</subfield>
  </datafield>
  <datafield tag="044" ind1=" " ind2=" ">
    <subfield code="a">xr</subfield>
    <subfield code="c">CZ</subfield>
  </datafield>
  <datafield tag="072" ind1=" " ind2="7">
    <subfield code="a">364-1/-7</subfield>
    <subfield code="x">Druhy soci&#xE1;lnej pomoci a slu&#x17E;ieb</subfield>
    <subfield code="2">konspekt</subfield>
  </datafield>
  <datafield tag="080" ind1=" " ind2=" ">
    <subfield code="a">159.98:659.24</subfield>
    <subfield code="2">2001</subfield>
  </datafield>
  <datafield tag="080" ind1=" " ind2=" ">
    <subfield code="a">316.2</subfield>
    <subfield code="2">2001</subfield>
  </datafield>
  <datafield tag="080" ind1=" " ind2=" ">
    <subfield code="a">364-785</subfield>
    <subfield code="2">2001</subfield>
  </datafield>
  <datafield tag="080" ind1=" " ind2=" ">
    <subfield code="a">(048.8)</subfield>
    <subfield code="2">2001</subfield>
  </datafield>
  <datafield tag="100" ind1="1" ind2=" ">
    <subfield code="a">Peavy, R. Vance,</subfield>
    <subfield code="d">1929-2002</subfield>
    <subfield code="9">5127</subfield>
  </datafield>
  <datafield tag="240" ind1="1" ind2="0">
    <subfield code="a">Sociodynamic counselling</subfield>
    <subfield code="l">&#x10C;esky</subfield>
  </datafield>
  <datafield tag="245" ind1="1" ind2="0">
    <subfield code="a">Sociodynamick&#xE9; poradenstv&#xED;</subfield>
    <subfield code="b">konstruktivistick&#xE1; perspektiva</subfield>
    <subfield code="c">R. Vance Peavy ; [p&#x159;eklad Eva Le&#x148;ov&#xE1; Bure&#x161;ov&#xE1;, Veronika Kreslov&#xE1;]</subfield>
  </datafield>
  <datafield tag="260" ind1=" " ind2=" ">
    <subfield code="a">Praha</subfield>
    <subfield code="b">D&#x16F;m zahrani&#x10D;n&#xED; spolupr&#xE1;ce pro Centrum Euroguidance</subfield>
    <subfield code="c">2013</subfield>
  </datafield>
  <datafield tag="300" ind1=" " ind2=" ">
    <subfield code="a">274 s.</subfield>
    <subfield code="c">25 cm</subfield>
  </datafield>
  <datafield tag="500" ind1=" " ind2=" ">
    <subfield code="a">Prelo&#x17E;en&#xE9; z angli&#x10D;tiny</subfield>
  </datafield>
  <datafield tag="650" ind1="0" ind2="7">
    <subfield code="a">psychologick&#xE9; poradenstvo</subfield>
    <subfield code="2">SNKPH</subfield>
    <subfield code="9">5128</subfield>
  </datafield>
  <datafield tag="650" ind1="0" ind2="7">
    <subfield code="a">soci&#xE1;lne poradenstvo</subfield>
    <subfield code="2">SNKPH</subfield>
    <subfield code="9">4188</subfield>
  </datafield>
  <datafield tag="650" ind1="0" ind2="7">
    <subfield code="a">kon&#x161;truktivizmus (sociol&#xF3;gia)</subfield>
    <subfield code="2">SNKPH</subfield>
    <subfield code="9">5129</subfield>
  </datafield>
  <datafield tag="655" ind1=" " ind2="7">
    <subfield code="a">monografie</subfield>
    <subfield code="2">SNKPH</subfield>
    <subfield code="9">1661</subfield>
  </datafield>
  <datafield tag="700" ind1="1" ind2=" ">
    <subfield code="a">Le&#x148;ov&#xE1; Bure&#x161;ov&#xE1;, Eva</subfield>
    <subfield code="4">trl</subfield>
    <subfield code="9">5130</subfield>
  </datafield>
  <datafield tag="700" ind1="1" ind2=" ">
    <subfield code="a">Kreslov&#xE1;, Veronika</subfield>
    <subfield code="4">trl</subfield>
    <subfield code="9">5131</subfield>
  </datafield>
  <datafield tag="952" ind1=" " ind2=" ">
    <subfield code="0">0</subfield>
    <subfield code="1">0</subfield>
    <subfield code="2">udc</subfield>
    <subfield code="4">0</subfield>
    <subfield code="7">0</subfield>
    <subfield code="8">D</subfield>
    <subfield code="a">10000</subfield>
    <subfield code="b">10000</subfield>
    <subfield code="d">2025-10-24</subfield>
    <subfield code="i">22334</subfield>
    <subfield code="o">S1606</subfield>
    <subfield code="p">S1606</subfield>
    <subfield code="r">2025-10-24</subfield>
    <subfield code="w">2025-10-24</subfield>
    <subfield code="y">OLDO</subfield>
  </datafield>
</record>
